"Ruthenische" (ukrainische) Sprach- und Vorstellungswelten in den galizischen Volksschullesebüchern der Jahre 1871 und 1872
| Titel: | "Ruthenische" (ukrainische) Sprach- und Vorstellungswelten in den galizischen Volksschullesebüchern der Jahre 1871 und 1872 / Michael Moser |
|---|---|
| Verfasser: | |
| Veröffentlicht: | Wien [u.a.] : Lit, 2007 |
| Umfang: | 269 S. ; 21 cm |
| Format: | Buch |
| Sprache: | Deutsch |
| Schriftenreihe/ mehrbändiges Werk: |
Slavische Sprachgeschichte ; 2 |
| RVK-Notation: | |
| ISBN: | 9783700006268 ; 9783825802134 |
| Hinweise zum Inhalt: |
Inhaltsverzeichnis
|
alg: 18503558
001A $06000:08-03-07
001B $01999:26-05-23 $t22:22:39.000
001C $00026:03-01-12 $t07:56:06.000
001D $03032:30-01-08
001U $0utf8
001X $00
002@ $0Aau
003@ $0185035582
003O $0182871897 $aOCoLC
004A $A978-3-7000-0626-8 $f(Wien ...) kart. : EUR 24.90, sfr 37.90
004A $A978-3-8258-0213-4 $f(Berlin ...) kart. : EUR 24.90, sfr 37.90
004K $09783825802134
006G $0982605722
006T $007,N06,0880
006U $007,A12,0754 $f20070109
007A $0982605722 $aDNB
007G $0DE0201AE485130959E94EC1257D2D004C1676
009P $qapplication/pdf $A2 $3Inhaltsverzeichnis $uhttp://scans.hebis.de/HEBCGI/show.pl?18503558_toc.pdf $mV:DE-603;B:DE-Mb50
010@ $ager
011@ $a2007
015@ $00
017A $asf
021A $a"Ruthenische" (ukrainische) Sprach- und Vorstellungswelten in den galizischen Volksschullesebüchern der Jahre 1871 und 1872 $hMichael Moser
028A $#Мозер, Михаэль $#Moser, Michael Alexander $#Mozer, M. $#Mozer, Michaėlʹ $#Mozer, Mikhaelʹ $712033982X $8Moser, Michael$Z1969- [Tp3] $9151957304
033A $pWien {[u.a.] $nLit
034D $a269 S.
034I $a21 cm
036E $aSlavische Sprachgeschichte $l2
036F $x12 $8Slavische Sprachgeschichte $9186455739 $l2
041A $#Galizien (Osteuropa) $#Galicja $#Galicija $#Galizien und Lodomerien $#Königreich Galizien $#Provinz Galizien $#Halyčyna $#Galiitsia $#Galīcija $#Galičina $#Halič $74019124-2 $8Galizien [Tg1] $9085045411
041A/01 $ROstslawische Sprachen $#Russinisch $#Ruthenisch Rusinisch $#Karpatoukrainisch Rusinisch $#Carpatho-Russian $74178735-3 $8Rusinisch [Ts1] $9085848034
041A/02 $RSchulbuch $#Readers (Secondary) $#Readers (Elementary) $#Readers (Primary) $#Lectures et morceaux choisis (enseignement secondaire) $#Lectures et morceaux choisis (enseignement primaire) $#Lesebuch $#Schullesebuch $#Lesebücher $74035435-0 $8Lesebuch [Ts1] $9085095672
041A/03 $RSchule $RGrundschule $RHauptschule $#Volksschule $#Volksbildung Volksschule $#Volksschulen $74063861-3 $8Volksschule [Ts1] $9085179043
045E $c490
045F $a491.79862 $eDDC22ger
045F/01 $a491.79
045F/03 $k862
045G $a400 $eDDC23BSB
045G/01 $a400
045G/03 $g477
045H $a370.94386 $eDDC23BSB
045H/01 $a370.9
045H/03 $g4386
045I $a306.09477 $eDDC23BSB
045I/01 $a306.09
045I/03 $g477
045R $aGeschichte 1870-1872
045Z $8KE 5025 [Tkv] $9409143227
046M $aLiteraturverz. S. 245 - 250
lok: 18503558 24
101B $031-07-14 $t09:21:55.000
101C $031-07-14
101U $0utf8
145Z/01 $a42 10 A
145Z/02 $a37 8 G 5
145Z/03 $a37 15 G
145Z/04 $a42 15 L
exp: 18503558 24 1 #EPN
201B/01 $031-07-14 $t09:21:55.000
201C/01 $031-07-14
201U/01 $0utf8
203@/01 $0735313490
208@/01 $a31-07-14 $bz
209A/01 $a14.07133 $du $f050 $h14 07133 $x00
209C/01 $a14.07133 K $h14 07133 K
209G/01 $a73421845 $x00
220C/01 $ahae
247C/01 $8358050-7 Marburg, Bibliothek des Herder-Instituts Marburg $9102600961
lok: 18503558 204
exp: 18503558 204 1 #EPN
201B/01 $026-01-12 $t09:18:09.000
201C/01 $021-12-11
201U/01 $0utf8
203@/01 $0635840197
208@/01 $a21-12-11 $bzUB
209A/01 $aFH sla Sb 7.3 $du $f000 $hfh sla sb 7 3 $x00
209G/01 $a61108130 $x00
245S/01 $a21000 $x01
247C/01 $8631000-x <26>Gießen, Universität Gießen, Universitätsbibliothek Gießen $9102596697
| LEADER | 00000cam a2200000 c 4500 | ||
|---|---|---|---|
| 001 | 185035582 | ||
| 003 | DE-603 | ||
| 005 | 20230526222239.0 | ||
| 007 | tu | ||
| 008 | 070308s2007 xx |||| | u00||u|ger | ||
| 015 | |a 07,A12,0754 |z 07,N06,0880 |2 dnb | ||
| 016 | 7 | |2 DE-101 |a 982605722 | |
| 020 | |a 9783700006268 |c (Wien ...) kart. : EUR 24.90, sfr 37.90 | ||
| 020 | |a 9783825802134 |c (Berlin ...) kart. : EUR 24.90, sfr 37.90 | ||
| 024 | 3 | |a 9783825802134 | |
| 035 | |a (DE-599)DNB982605722 | ||
| 035 | |a (OCoLC)182871897 | ||
| 040 | |a DE-603 |b ger |c DE-603 |d DE-603 | ||
| 041 | |a ger | ||
| 082 | 0 | 4 | |8 1\u |a 491.79862 |q DE-101 |2 22/ger |
| 083 | 0 | |8 2\u |a 400 |q DE-101 |2 23/BSB | |
| 083 | 0 | |8 3\u |a 370.94386 |q DE-101 |2 23/BSB | |
| 083 | 0 | |8 4\u |a 306.09477 |q DE-101 |2 23/BSB | |
| 084 | |a 490 |q DE-101 |2 sdnb | ||
| 084 | |a KE 5025 |0 (DE-625)72599: |0 (DE-603)409143227 |2 rvk | ||
| 085 | |8 1\u |b 491.79 | ||
| 085 | |8 1\u |z 4 |s 862 | ||
| 085 | |8 2\u |b 400 | ||
| 085 | |8 2\u |z 2 |s 477 | ||
| 085 | |8 3\u |b 370.9 | ||
| 085 | |8 3\u |z 2 |s 4386 | ||
| 085 | |8 4\u |b 306.09 | ||
| 085 | |8 4\u |z 2 |s 477 | ||
| 090 | |a b | ||
| 100 | 1 | |a Moser, Michael |d 1969- |0 (DE-603)151957304 |0 (DE-588)12033982X |2 gnd | |
| 245 | 0 | 0 | |a "Ruthenische" (ukrainische) Sprach- und Vorstellungswelten in den galizischen Volksschullesebüchern der Jahre 1871 und 1872 |c Michael Moser |
| 264 | 1 | |a Wien [u.a.] |b Lit |c 2007 | |
| 300 | |a 269 S. |c 21 cm | ||
| 490 | 1 | |a Slavische Sprachgeschichte |v 2 | |
| 504 | |a Literaturverz. S. 245 - 250 | ||
| 648 | 7 | |a Geschichte 1870-1872 |2 gnd | |
| 650 | 7 | |a Rusinisch |0 (DE-588)4178735-3 |0 (DE-603)085848034 |2 gnd | |
| 650 | 7 | |a Lesebuch |0 (DE-588)4035435-0 |0 (DE-603)085095672 |2 gnd | |
| 650 | 7 | |a Volksschule |0 (DE-588)4063861-3 |0 (DE-603)085179043 |2 gnd | |
| 651 | 7 | |a Galizien |0 (DE-588)4019124-2 |0 (DE-603)085045411 |2 gnd | |
| 830 | 0 | |t Slavische Sprachgeschichte |v 2 |w (DE-603)186455739 |w (DE-600)2195676-5 |9 12 |7 as | |
| 856 | 4 | 2 | |m V:DE-603;B:DE-Mb50 |q application/pdf |u http://scans.hebis.de/HEBCGI/show.pl?18503558_toc.pdf |3 Inhaltsverzeichnis |
| 924 | 0 | |9 Mb 50 |a (DE-603)735313490 |b DE-Mb50 |c HES |d c |g 14.07133 | |
| 924 | 0 | |9 26 |a (DE-603)635840197 |b DE-26 |c HES |d c |g FH sla Sb 7.3 | |


